| 000 | 00540nam a2200169Ia 4500 | ||
|---|---|---|---|
| 003 | 0 | ||
| 005 | 20250214134630.0 | ||
| 008 | 140724s9999 xx 000 0 und d | ||
| 050 |
_aTS 155 _b.T164 2009 |
||
| 100 | _aTanemura Jr, Takeo J. | ||
| 245 |
_aGenerating automated academic report using moodle / _cTakeo J. Tanemura Jr. |
||
| 260 |
_aLas PiƱas, Philippines : _bSouthville International School and Colleges, _cc2009. |
||
| 300 |
_a30 p. : _bill. ; _c28 cm. |
||
| 521 | _aInformation Technology | ||
| 942 |
_cTH _2lcc |
||
| 999 |
_c229238 _d229238 |
||